<?xml version="1.0" encoding="UTF-8"?><?xml-stylesheet type="text/xsl" href="static/style.xsl"?><OAI-PMH xmlns="http://www.openarchives.org/OAI/2.0/" xmlns:xsi="http://www.w3.org/2001/XMLSchema-instance" xsi:schemaLocation="http://www.openarchives.org/OAI/2.0/ http://www.openarchives.org/OAI/2.0/OAI-PMH.xsd"><responseDate>2026-04-27T14:20:27Z</responseDate><request verb="GetRecord" identifier="oai:riubu.ubu.es:10259/5890" metadataPrefix="marc">https://riubu.ubu.es/oai/request</request><GetRecord><record><header><identifier>oai:riubu.ubu.es:10259/5890</identifier><datestamp>2021-11-03T23:01:56Z</datestamp><setSpec>com_10259_2699</setSpec><setSpec>col_10259_2727</setSpec></header><metadata><record xmlns="http://www.loc.gov/MARC21/slim" xmlns:doc="http://www.lyncode.com/xoai" xmlns:xsi="http://www.w3.org/2001/XMLSchema-instance" xmlns:dcterms="http://purl.org/dc/terms/" xsi:schemaLocation="http://www.loc.gov/MARC21/slim http://www.loc.gov/standards/marcxml/schema/MARC21slim.xsd">
<leader>00925njm 22002777a 4500</leader>
<datafield tag="042" ind1=" " ind2=" ">
<subfield code="a">dc</subfield>
</datafield>
<datafield tag="720" ind1=" " ind2=" ">
<subfield code="a">Vázquez Marroquín, Mónica</subfield>
<subfield code="e">author</subfield>
</datafield>
<datafield tag="260" ind1=" " ind2=" ">
<subfield code="c">2017</subfield>
</datafield>
<datafield tag="520" ind1=" " ind2=" ">
<subfield code="a">El trabajo desarrollado se centra principalmente en estudiar la calidad de las aguas subterráneas de los acuíferos superficiales urbanos de la ciudad de Burgos, determinando además el grado de contaminación y alteración química que las prácticas antrópicas provocan en el quimismo natural de las aguas. Para ello, se han revisado y actualizado los conocimientos actuales en materia de Hidrogeología Urbana y se ha verificado su idoneidad para el caso de la ciudad de Burgos y su entorno industrial. Se ha determinado a su vez, la composición química, isotópica, microbiológica y orgánica de las aguas y se ha realizado un seguimiento temporal de diversos parámetros fisicoquímicos en las aguas subterráneas estudiadas. Finalmente, se han cuantificado las reacciones geoquímicas más importantes en el interior de los acuíferos mediante el empleo de técnicas estadísticas y de modelización hidroquímica.</subfield>
</datafield>
<datafield tag="024" ind2=" " ind1="8">
<subfield code="a">http://hdl.handle.net/10259/5890</subfield>
</datafield>
<datafield tag="024" ind2=" " ind1="8">
<subfield code="a">10.36443/10259/5890</subfield>
</datafield>
<datafield ind1=" " ind2=" " tag="653">
<subfield code="a">Agua Subterránea</subfield>
</datafield>
<datafield ind1=" " ind2=" " tag="653">
<subfield code="a">Hidrología urbana</subfield>
</datafield>
<datafield ind1=" " ind2=" " tag="653">
<subfield code="a">Hidroquímica</subfield>
</datafield>
<datafield ind1=" " ind2=" " tag="653">
<subfield code="a">Análisis multivariante</subfield>
</datafield>
<datafield ind1=" " ind2=" " tag="653">
<subfield code="a">Contaminación</subfield>
</datafield>
<datafield ind1=" " ind2=" " tag="653">
<subfield code="a">Groundwater</subfield>
</datafield>
<datafield ind1=" " ind2=" " tag="653">
<subfield code="a">Urban Hydrology</subfield>
</datafield>
<datafield ind1=" " ind2=" " tag="653">
<subfield code="a">Hydrochemistry</subfield>
</datafield>
<datafield ind1=" " ind2=" " tag="653">
<subfield code="a">Multivariate Analysis</subfield>
</datafield>
<datafield ind1=" " ind2=" " tag="653">
<subfield code="a">Pollution</subfield>
</datafield>
<datafield tag="245" ind1="0" ind2="0">
<subfield code="a">Procesos hidrogeoquímicos naturales y antrópicos en los acuíferos superficiales urbanos de la ciudad de Burgos</subfield>
</datafield>
</record></metadata></record></GetRecord></OAI-PMH>